Taylor Swift 10 - Statistics

General Stats
  • This quiz has been taken 28 times
    15 since last reset
  • The average score is 398 of 461
Answer Stats
Answer % Correct
a
100%
and
100%
at
100%
be
100%
better
100%
did
100%
do
100%
he
100%
I
100%
in
100%
it
100%
know
100%
like
100%
man
100%
me
100%
on
100%
one
100%
that
100%
the
100%
to
100%
was
100%
we
100%
were
100%
when
100%
you
100%
all
88%
been
88%
but
88%
didn't
88%
down
88%
had
88%
have
88%
hear
88%
I'd
88%
if
88%
I'm
88%
it's
88%
just
88%
love
88%
my
88%
now
88%
of
88%
off
88%
own
88%
say
88%
see
88%
this
88%
what
88%
wish
88%
your
88%
you're
88%
back
75%
can
75%
can't
75%
ever
75%
every
75%
hand
75%
night
75%
oh
75%
probably
75%
run
75%
than
75%
who
75%
why
75%
again
63%
alone
63%
always
63%
any
63%
away
63%
beginning
63%
could
63%
feel
63%
goodbye
63%
his
63%
kind
63%
middle
63%
minute
63%
miss
63%
never
63%
some
63%
sometimes
63%
thing
63%
thought
63%
around
50%
because
50%
best
50%
both
50%
bravest
50%
careless
50%
change
50%
damage
50%
gave
50%
given
50%
gun
50%
hoping
50%
jealousy
50%
loaded
50%
loving
50%
might
50%
mind
50%
mirror
50%
myself
50%
needing
50%
permanent
50%
push
50%
saying
50%
standing
50%
still
50%
sweet
50%
talking
50%
turn
50%
wasn't
50%
word
50%
would've
50%
4am
38%
become
38%
days
38%
forget
38%
magic
38%
onto
38%
these
38%
hold
25%
pride
25%
terms
25%
waited
25%
wonder
25%
No matching quizzes found
Score Distribution
Percent of People with Each Score
Percentile by Number Answered
Your Score History
You have not taken this quiz since the last reset